000 00510nam a22001577a 4500
005 20241125185751.0
008 241125b |||||||| |||| 00| 0 eng d
050 _aQC21.2
_b.W4
100 _aWeidner, Richard T.
245 _aElementary Classical Physics/
_bmechanics, kinetic theory, thermodynamics, Volume I
_cRichard T. Weidner & Robert L. Sells
250 _aVolume I
260 _aBoston
_bAllyn & Bacon, INC.
_c1965
300 _axv.640p.
_bill.
_c23.5cm
700 _aSells, Robert L.
942 _2lcc
_cBK
_n0
999 _c1541
_d1541